00621nam a2200205Ia 4500003000400000005001700004008004100021020001500062040001800077041000800095082002100103100003400124245009100158250000600249260003000255300002400285600003400309600006000343650001200403OSt20220118162110.0210716s1975 xx 000 0 und d a0814454038 cAIMIT LIBRARY aeng a352.48 21bSWEA aSweeny, Allen;Wisner, John N. aBudgeting fundamentals for nonfinancial executives :cby Allen Sweeny; Wisner, John N. a1 aNew York:bAMACOM,c1975. aviii,137P.; 21.5cm. 2Purposes and uses of a budget 2Manufacturing cost systems and the contribution concept aFinance